00876nam a2200229 a 450000100100000000500170001000800410002702000150006804000250008310000290010824500670013726000560020430000280026049000420028850400730033065000260040365000260042965000200045583000490047595201050052499900170062900004388920201002045029.0140508s1997 sp ac 001 0 spa d a8437615879 aDO-SdBNPbspacBNPHU1 aGororotiza, Jorge97177910aDirectores artísticos del cine Español /cJorge Gorostiza. aMadrid :bCátedra :bFilmoteca Española,c1997. a381 p. :bil. ;c24 cm.1 aCátedra/Filmoteca españolaaMayor aIncluye referencias bibliográficas y notas al pie de las páginas 4aCine español971780 4aEscenografía971781 4aEspaña971782 0aCátedra/Filmoteca españolapMayor971783 001050718MOaGRbGRcCTd2014-05-08iLF1l0o p43889-10r2020-06-25w2020-06-25y1ZNo se presta c43378d43378